| 000 | 00638nam a2200181 i 4500 | ||
|---|---|---|---|
| 001 | 155464 | ||
| 003 | ES-MaACL | ||
| 005 | 20251015063138.0 | ||
| 008 | 981130s1872 fr |||| | fre d | ||
| 100 | 1 |
_aHippeau, Celestin, _d1803-1883 _9127994 |
|
| 245 | 1 | 2 |
_aL'instruction publique en Anglaterre / _cpar C. Hippeau. |
| 260 |
_aParis : _bDidier et Cie., _c1872 ( _fImp. Viéville et Capiomont) |
||
| 300 |
_a138 p. ; _c17 cm. |
||
| 650 | 7 |
_aEducación- _zGran Bretaña _2 _9168380 |
|
| 752 |
_aFrancia - _dParís |
||
| 852 |
_aES-MaACL _jD-3097 _z- Enc. hol. _z- Posible duplicado del CCPB000337106-9 |
||
| 999 |
_c155464 _d155464 |
||